000 01111nam a2200301 c 4500
999 _c137275
_d137275
003 BLK
005 20220217152127.0
008 180409b bul|||||r ||||||| ||bul||
010 _aKNG00143241000
020 _a978-954-337-142-6
040 _aBLK
041 _aBUL
_cBUL
072 7 _2bullib
_aН84
_xБългарска художествена литература Н
080 _aБългарска литература
_b821.163.2
_x-4
_z821.163.2-4
100 1 _aТрифонов, Трифон Спасов
_eпърви автор
_9296868
139 _aТрифонов, Трифон Спасов
_bТ 84
245 1 0 _aТръстенишки измерения
_cТрифон Спасов Трифонов.
257 _aBGR
260 _bАвангард принт
_c2010
_fРусе : Студио Колор
300 _a101 с.
_c20 см
380 _aX
659 _aН
852 _aЦб 259593
852 _aК 821.163.2/Т 84 Т
856 4 _qpdf
856 4 _qpdf
942 _cKNG
_n0
_s1
944 _aCR
_c29.05.2013
_lф /
_kГеновева_Генчева
944 _aED
_c04.07.2013
_lф /
999 _d137275
999 _d137275